The work of the International Law Commission: instruments. -- Vol. I & II., 7th ed. (Record no. 83184)

MARC details
000 -LEADER
fixed length control field 00997nam a2200229 a 4500
008 - FIXED-LENGTH DATA ELEMENTS--GENERAL INFORMATION
fixed length control field 080918s2007 ||||||||||||||||| || u
020 ## - INTERNATIONAL STANDARD BOOK NUMBER
International Standard Book Number 9789211337631
050 ## - LIBRARY OF CONGRESS CALL NUMBER
Classification number UNO(02)
110 ## - MAIN ENTRY--CORPORATE NAME
Corporate name or jurisdiction name as entry element United Nations Organisation (UNO)
245 14 - TITLE STATEMENT
Title The work of the International Law Commission: instruments. -- Vol. I & II., 7th ed.
Statement of responsibility, etc. by United Nations Organisation [UNO]
250 ## - EDITION STATEMENT
Edition statement 7th ed.
260 ## - PUBLICATION, DISTRIBUTION, ETC.
Place of publication, distribution, etc. Geneva:
Name of publisher, distributor, etc. UNITED NATIONS
Date of publication, distribution, etc. 2007
300 ## - PHYSICAL DESCRIPTION
Extent xii, 409p.: ill.
350 ## -
-- 0.00
362 1# -
-- <p>2007, Vol. II</p>
650 ## - SUBJECT ADDED ENTRY--TOPICAL TERM
Topical term or geographic name entry element INTERNATIONAL LAW COMMISSION
650 ## - SUBJECT ADDED ENTRY--TOPICAL TERM
Topical term or geographic name entry element LAW
650 #0 - SUBJECT ADDED ENTRY--TOPICAL TERM
Topical term or geographic name entry element INTERNATIONAL LAW
650 ## - SUBJECT ADDED ENTRY--TOPICAL TERM
Topical term or geographic name entry element INTERNATIONAL LAW--PERIODICALS
995 ## -
-- SPECIAL COLLECTIONS
-- 0.00
-- 03006307
-- CBU-MAIN LIBRARY (Kitwe)
-- 1
-- 0.00
-- UNO(02)2007/11B
-- 2
-- AVAILABLE
-- May 10, 2010
-- 03006307
-- International Publications
995 ## -
-- SPECIAL COLLECTIONS
-- 0.00
-- 03006301
-- CBU-MAIN LIBRARY (Kitwe)
-- 1
-- 0.00
-- UNO(02)2007/11A
-- 1
-- AVAILABLE
-- May 10, 2010
-- 03006301
-- International Publications
999 ## -
-- 83184
-- 83184
Holdings
Withdrawn status Lost status Source of classification or shelving scheme Damaged status Not for loan Permanent Location Current Location Shelving location Date acquired Total Checkouts Full call number Barcode Date last seen Copy number Price effective from Koha item type
          CBU-MAIN LIBRARY, KITWE. CBU-MAIN LIBRARY, KITWE.   10/25/2023   UNO(02)2007/11B 03006307 10/25/2023 1 10/25/2023 SPECIAL COLLECTION
          CBU-MAIN LIBRARY, KITWE. CBU-MAIN LIBRARY, KITWE.   10/25/2023   UNO(02)2007/11A 03006301 10/25/2023 2 10/25/2023 SPECIAL COLLECTION